| 000 | 00000nam 2200000za 4500 |
| 001 | 9.839907 |
| 003 | CaOODSP |
| 005 | 20221107151720 |
| 007 | cr ||||||||||| |
| 008 | 170718q2011 onc |o f|0| 0 fre d |
| 040 | |aCaOODSP|bfre |
| 043 | |an-cn--- |
| 086 | 1 |aHP15-31/2011F-PDF |
| 245 | 00|aFreiner l’obésité juvénile |h[ressource électronique] : |bcadre d’action fédéral, provincial et territorial pour la promotion du poids santé. |
| 246 | 17|aFreiner l'obésité juvénile : |bcadre d'action FPT pour la promotion du poids santé |
| 260 | |a[Ottawa : |bAgence de santé publique du Canada, |c2011] |
| 300 | |a4 p. |
| 500 | |aPubli. aussi en anglais sous le titre : Curbing childhood obesity: a federal, provincial and territorial framework for action to promote healthy weights. |
| 500 | |aTitre de la couv. |
| 520 | |a« Le Canada est un pays qui crée et maintient des conditions propices aux poids santé afin que les enfants puissent profiter de la meilleure santé possible. »--Vision, p. 2 |
| 692 | 07|2gccst|aObésité |
| 692 | 07|2gccst|aSanté de l'enfant |
| 692 | 07|2gccst|aPromotion de la santé |
| 710 | 2 |aAgence de santé publique du Canada. |
| 775 | 08|tCurbing childhood obesity |w(CaOODSP)9.839902 |
| 856 | 40|qPDF|s142 Ko|uhttps://publications.gc.ca/collections/collection_2017/aspc-phac/HP15-31-2011-fra.pdf |